[Event "Barcelona Sant Marti op 10th"]
[Site "Barcelona"]
[Date "2023.02.16"]
[Round "6"]
[White "Sumelzo Lozano, Jose"]
[Black "Infiesta Aguila, Agusti"]
[Result "1/2-1/2"]
[WhiteElo "1806"]
[BlackElo "1667"]
[PlyCount "66"]
[EventDate "2023.01.12"]
[EventType "swiss"]
[EventRounds "9"]
[EventCountry "ESP"]
[SourceTitle "CBM 213 Extra"]
[Source "ChessBase"]
[SourceDate "2023.05.31"]
[SourceVersion "1"]
[SourceVersionDate "2023.05.31"]
[SourceQuality "1"]

1. d4 d5 2. Nf3 Nf6 3. e3 c5 4. Bd3 cxd4 5. exd4 Nc6 6. 0-0 Bg4 7. c3 e6 8. Nbd2 Bd6 9. h3 Bh5 10. Re1 Qc7 11. Be2 0-0 12. Ne5 Bxe2 13. Qxe2 b5 14. Ndf3 b4 15. Nxc6 Qxc6 16. cxb4 Bxb4 17. Bd2 a5 18. a3 Bxd2 19. Qxd2 a4 20. Rac1 Qb7 21. Rc2 Ne4 22. Qe2 Rfc8 23. Rec1 Nd6 24. Ne5 Rxc2 25. Rxc2 Rc8 26. Nd3 Nc4 27. Nc5 Qa7 28. Rc3 e5 29. Rg3 Rd8 30. b4 axb3 31. Nxb3 exd4 32. Qg4 g6 33. Nxd4 Qd7 1/2-1/2

[Event "Barcelona Sant Marti op 10th"]
[Site "Barcelona"]
[Date "2023.02.09"]
[Round "5"]
[White "Romero Funieles, Rafael de Jesus"]
[Black "Sumelzo Lozano, Jose"]
[Result "0-1"]
[WhiteElo "1540"]
[BlackElo "1806"]
[PlyCount "76"]
[EventDate "2023.01.12"]
[EventType "swiss"]
[EventRounds "9"]
[EventCountry "ESP"]
[SourceTitle "CBM 213 Extra"]
[Source "ChessBase"]
[SourceDate "2023.05.31"]
[SourceVersion "1"]
[SourceVersionDate "2023.05.31"]
[SourceQuality "1"]

1. e4 c5 2. c4 Nc6 3. Nf3 g6 4. d4 cxd4 5. Nxd4 Bg7 6. Nxc6 bxc6 7. Nc3 d6 8. Be2 Nf6 9. 0-0 0-0 10. Bf3 Bb7 11. Rb1 Qc7 12. Bf4 Nd7 13. Rc1 Ne5 14. b3 Nxf3+ 15. Qxf3 Qa5 16. a4 Qb4 17. Bd2 Qb6 18. b4 a6 19. b5 axb5 20. cxb5 cxb5 21. axb5 Rfc8 22. Qh3 Bxc3 23. Bxc3 Qxb5 24. Qh6 f6 25. Qh3 Qe8 26. Qe6+ Qf7 27. Qg4 Ra4 28. Rfe1 f5 29. Qd1 Rac4 30. Qd2 fxe4 31. Bb2 Rxc1 32. Rxc1 Rxc1+ 33. Qxc1 Qd5 34. Qf1 Qd3 35. Qc1 e3 36. fxe3 Qe2 37. e4 Bxe4 38. Qc8+ Kf7 0-1

[Event "Barcelona Sant Marti op 9th"]
[Site "Barcelona"]
[Date "2020.01.16"]
[Round "1"]
[White "Munoz Prior, Marcelo"]
[Black "Sumelzo Lozano, Jose"]
[Result "0-1"]
[WhiteElo "1510"]
[BlackElo "1853"]
[PlyCount "48"]
[EventDate "2020.01.16"]
[EventType "swiss"]
[EventRounds "9"]
[EventCountry "ESP"]
[SourceTitle "CBM 195 Extra"]
[Source "ChessBase"]
[SourceDate "2020.05.31"]
[SourceVersion "1"]
[SourceVersionDate "2020.05.31"]
[SourceQuality "1"]

1. d4 Nf6 2. Nf3 d5 3. g3 c5 4. Bg2 Nc6 5. 0-0 e6 6. a4 Be7 7. h3 0-0 8. Na3 c4 9. Bf4 Bd7 10. c3 Na5 11. Nd2 Qe8 12. e4 Bxa4 13. Qe2 Nb3 14. Nxb3 Bxb3 15. Nb1 Qd7 16. Nd2 Ba4 17. Rfe1 Bd8 18. h4 h6 19. e5 Nh7 20. Qg4 Kh8 21. Bh3 Bc2 22. Be3 Bf5 23. Qf3 Bxh3 24. g4 Qe7 0-1

[Event "Sant Adria de Besos op-B 3rd"]
[Site "Sant Adria de Besos"]
[Date "2019.08.21"]
[Round "8"]
[White "Sumelzo Lozano, Jose"]
[Black "Medina Garcia, Mariano"]
[Result "1/2-1/2"]
[WhiteElo "1830"]
[BlackElo "1774"]
[PlyCount "142"]
[EventDate "2019.08.14"]
[EventType "swiss"]
[EventRounds "9"]
[EventCountry "ESP"]
[SourceTitle "EXT 2020"]
[Source "ChessBase"]
[SourceDate "2019.10.17"]
[SourceVersion "1"]
[SourceVersionDate "2019.10.17"]
[SourceQuality "1"]

1. d4 d5 2. Nf3 c6 3. c4 e6 4. cxd5 exd5 5. Nc3 Nf6 6. Bg5 Be7 7. e3 Nbd7 8. Bd3 Nf8 9. Qc2 Ne6 10. Bh4 h6 11. Ne5 Nd7 12. Bg3 Nxe5 13. Bxe5 Bd6 14. Bxd6 Qxd6 15. 0-0 0-0 16. a3 Bd7 17. b4 b5 18. a4 a6 19. axb5 axb5 20. Qb2 Rfc8 21. Ra3 Nc7 22. Rfa1 Rxa3 23. Rxa3 Na8 24. Qb1 Nb6 25. Ra6 Qb8 26. Qc1 f5 27. Qd1 Qb7 28. Qa1 Ra8 29. Rxa8+ Nxa8 30. Qb1 Qc8 31. Ne2 Nc7 32. Nc1 Na6 33. Be2 Qf8 34. Nd3 Qc8 35. Nc5 Nxc5 36. dxc5 Qa8 37. Qb2 Qe8 38. Qd4 Qe6 39. f3 Kf7 40. Kf2 Kg8 41. g4 fxg4 42. Qxg4 Qe7 43. Qf4 Qf8 44. Kg3 Qf7 45. h4 Qe6 46. Bf1 Qg6+ 47. Kh2 Qe6 48. Bg2 Qf6 49. Qxf6 gxf6 50. Kg3 Kf7 51. h5 f5 52. Kf4 Kf6 53. Bf1 Be8 54. Bd3 Bxh5 55. Bxf5 Be8 56. e4 dxe4 57. fxe4 h5 58. e5+ Ke7 59. Kg5 Bf7 60. Bh3 Be8 61. Bg2 Ke6 62. Kf4 Bd7 63. Bh3+ Ke7 64. Bg2 h4 65. Ke4 h3 66. Bh1 Bg4 67. Kf4 Bd7 68. Bf3 Ke6 69. Bh1 Ke7 70. Bf3 Ke6 71. Bg4+ Ke7 1/2-1/2

[Event "Barcelona Sant Marti op-B 21st"]
[Site "Barcelona"]
[Date "2019.07.20"]
[Round "8"]
[White "Fernandez Climent, Albert"]
[Black "Sumelzo Lozano, Jose"]
[Result "1-0"]
[WhiteElo "1684"]
[BlackElo "1870"]
[PlyCount "79"]
[EventDate "2019.07.13"]
[EventType "swiss"]
[EventRounds "9"]
[EventCountry "ESP"]
[SourceTitle "EXT 2020"]
[Source "ChessBase"]
[SourceDate "2019.10.17"]
[SourceVersion "1"]
[SourceVersionDate "2019.10.17"]
[SourceQuality "1"]

1. e4 d6 2. d4 Nf6 3. Nc3 g6 4. h4 h5 5. f3 Nbd7 6. Be3 Bg7 7. Qd2 c6 8. Nh3 b5 9. 0-0-0 b4 10. Ne2 Nb6 11. Qxb4 Rb8 12. b3 a5 13. Qc3 0-0 14. a4 Be6 15. Nef4 Bxh3 16. Nxh3 Qd7 17. Qd2 Rfc8 18. Bh6 Bh8 19. Nf2 Nxa4 20. bxa4 c5 21. Bb5 Rxb5 22. axb5 Qxb5 23. Qd3 c4 24. Qc3 Nd7 25. g4 Nc5 26. Qb2 Qa6 27. gxh5 Na4 28. Qa1 Qc6 29. c3 Rb8 30. Rd2 Qb5 31. Ra2 Nc5 32. dxc5 Bxc3 33. Qxc3 Qb1+ 34. Kd2 Qxa2+ 35. Ke1 f6 36. cxd6 e5 37. Kf1 Kh7 38. Qe3 Rb3 39. hxg6+ Kxg6 40. h5+ 1-0

[Event "Barcelona Sant Marti op-B 21st"]
[Site "Barcelona"]
[Date "2019.07.17"]
[Round "5"]
[White "Sumelzo Lozano, Jose"]
[Black "Peramunetilleke, Seth"]
[Result "1/2-1/2"]
[WhiteElo "1870"]
[BlackElo "1408"]
[PlyCount "53"]
[EventDate "2019.07.13"]
[EventType "swiss"]
[EventRounds "9"]
[EventCountry "ESP"]
[SourceTitle "EXT 2020"]
[Source "ChessBase"]
[SourceDate "2019.10.17"]
[SourceVersion "1"]
[SourceVersionDate "2019.10.17"]
[SourceQuality "1"]

1. e4 e5 2. Nf3 Nf6 3. d3 Nc6 4. g3 Bc5 5. Bg2 d6 6. 0-0 Bg4 7. c3 0-0 8. Nbd2 Qd7 9. b4 Bb6 10. Nc4 Bh3 11. a4 Bxg2 12. Kxg2 a6 13. Nxb6 cxb6 14. Bg5 Qe6 15. Bxf6 Qxf6 16. Qd2 Qd8 17. d4 Re8 18. Rfe1 Rc8 19. h4 h6 20. Rac1 b5 21. axb5 axb5 22. dxe5 dxe5 23. Qe3 b6 24. Red1 Qc7 25. c4 bxc4 26. Rxc4 Qb8 27. Rdc1 1/2-1/2

[Event "Barcelona Sant Marti op-B 21st"]
[Site "Barcelona"]
[Date "2019.07.13"]
[Round "1"]
[White "Sumelzo Lozano, Jose"]
[Black "Herrerias Gonzalez, Andreu"]
[Result "1-0"]
[WhiteElo "1870"]
[BlackElo "1540"]
[PlyCount "67"]
[EventDate "2019.07.13"]
[EventType "swiss"]
[EventRounds "9"]
[EventCountry "ESP"]
[SourceTitle "EXT 2020"]
[Source "ChessBase"]
[SourceDate "2019.10.17"]
[SourceVersion "1"]
[SourceVersionDate "2019.10.17"]
[SourceQuality "1"]

1. d4 Nf6 2. Nf3 c6 3. Bf4 d5 4. c3 g6 5. e3 Bg7 6. Be2 Bf5 7. Nbd2 e6 8. 0-0 0-0 9. h3 h5 10. Ne1 Re8 11. g4 hxg4 12. hxg4 Nxg4 13. Bxg4 Be4 14. Bf3 Bf5 15. Kg2 e5 16. Bg3 Qg5 17. Rh1 e4 18. Be2 Nd7 19. Kf1 Re6 20. Bh4 Qh6 21. Kg2 g5 22. Bg3 Qf6 23. Nc2 Qe7 24. Bg4 Rf6 25. Qe2 Qe6 26. Bxf5 Rxf5 27. Raf1 g4 28. Bf4 Qg6 29. Rh4 Nf6 30. Rfh1 Rh5 31. Nf1 Bh6 32. Bxh6 Qxh6 33. Rxh5 Nxh5 34. Ng3 1-0

[Event "Barcelona Seniors 55 op 6th"]
[Site "Barcelona"]
[Date "2019.03.11"]
[Round "2.6"]
[White "Corominas Garrido, Jordi"]
[Black "Sumelzo Lozano, Jose"]
[Result "1/2-1/2"]
[WhiteElo "1742"]
[BlackElo "1915"]
[PlyCount "97"]
[EventDate "2019.03.04"]
[EventType "swiss"]
[EventRounds "9"]
[EventCountry "ESP"]
[SourceTitle "EXT 2024"]
[Source "ChessBase"]
[SourceDate "2023.10.10"]
[SourceVersion "1"]
[SourceVersionDate "2023.10.10"]
[SourceQuality "1"]

1. c4 e5 2. g3 g6 3. Bg2 Bg7 4. Nc3 d6 5. d3 Nh6 6. Nf3 0-0 7. d4 exd4 8. Nxd4 c6 9. 0-0 Qe7 10. Bf4 g5 11. Bc1 Nf5 12. Nxf5 Bxf5 13. Be3 Na6 14. Qd2 f6 15. Rfd1 Rfd8 16. Rac1 Nc7 17. b3 Be6 18. Bd4 d5 19. cxd5 Nxd5 20. Nxd5 Bxd5 21. Bxd5+ Rxd5 22. Qc2 Bf8 23. Be3 Rxd1+ 24. Rxd1 a6 25. Qd3 Re8 26. Kf1 Qe6 27. Qd7 Qxd7 28. Rxd7 Re7 29. Rxe7 Bxe7 30. g4 Kf7 31. Ke1 Ke6 32. Kd2 Bd6 33. h3 Kd5 34. Kd3 Bc5 35. Bxc5 Kxc5 36. Ke4 Kb4 37. Kf5 b5 38. Kxf6 c5 39. e4 c4 40. e5 c3 41. e6 c2 42. e7 c1Q 43. e8Q Qf4+ 44. Kg7 Ka3 45. Qe2 Qc7+ 46. Kh6 Qf4 47. Kxh7 Qf6 48. Qd2 b4 49. Qd7 1/2-1/2

[Event "Barcelona Sant Marti op-B 20th"]
[Site "Barcelona"]
[Date "2018.07.18"]
[Round "6"]
[White "Sumelzo Lozano, Jose"]
[Black "Vargas Drechsler, Carlos"]
[Result "1/2-1/2"]
[WhiteElo "1941"]
[BlackElo "1871"]
[PlyCount "143"]
[EventDate "2018.07.13"]
[EventType "swiss"]
[EventRounds "9"]
[EventCountry "ESP"]
[SourceTitle "EXT 2019"]
[Source "ChessBase"]
[SourceDate "2018.10.10"]
[SourceVersion "1"]
[SourceVersionDate "2018.10.10"]
[SourceQuality "1"]

1. d4 Nf6 2. Nf3 g6 3. c4 c5 4. e3 Bg7 5. Nc3 0-0 6. Be2 d6 7. d5 Bg4 8. 0-0 Nbd7 9. Qc2 Nb6 10. b3 Bxf3 11. Bxf3 Ne8 12. Bb2 Nc7 13. Ne2 Bxb2 14. Qxb2 a5 15. a4 Na6 16. Rad1 Nb4 17. Nf4 Nd7 18. Be2 Ne5 19. Nd3 Nexd3 20. Bxd3 Qd7 21. Bb1 f5 22. f4 Rf6 23. Rf3 Raf8 24. h3 e6 25. g4 fxg4 26. hxg4 e5 27. f5 g5 28. e4 Qg7 29. Rh3 Rh6 30. Qh2 Rff6 31. Rd2 Rxh3 32. Qxh3 Rh6 33. Qg3 Rh4 34. Rh2 Qh6 35. Kg2 Kf7 36. Rh3 Kf6 37. Qf3 Rxh3 38. Qxh3 Qh4 39. Qxh4 gxh4 40. Kh3 Kg5 41. f6 Kxf6 42. Kxh4 Kg6 43. g5 h6 44. gxh6 Kxh6 45. Kg4 Kg6 46. Kh4 Na6 47. Bd3 Nb8 48. Be2 Nd7 49. Bf3 Nf6 50. Bg2 Nh5 51. Kg4 Nf4 52. Bf1 Nh5 53. Bg2 Nf6+ 54. Kh4 Kh6 55. Bf3 b6 56. Bg2 Nh5 57. Kg4 Kg6 58. Kh4 Ng7 59. Bf3 Kh6 60. Bg4 Ne8 61. Be2 Nc7 62. Bd3 Na6 63. Bc2 Kg6 64. Bd3 Nb8 65. Be2 Nd7 66. Bf3 Nf8 67. Bg4 Kh6 68. Bf5 Kg7 69. Kg5 Kf7 70. Kh5 Kf6 71. Kh6 Kf7 72. Kg5 1/2-1/2

[Event "Barcelona Sant Marti op-B 20th"]
[Site "Barcelona"]
[Date "2018.07.16"]
[Round "4"]
[White "Sumelzo Lozano, Jose"]
[Black "Low, Ethan"]
[Result "1-0"]
[WhiteElo "1941"]
[BlackElo "1741"]
[PlyCount "105"]
[EventDate "2018.07.13"]
[EventType "swiss"]
[EventRounds "9"]
[EventCountry "ESP"]
[SourceTitle "EXT 2019"]
[Source "ChessBase"]
[SourceDate "2018.10.10"]
[SourceVersion "1"]
[SourceVersionDate "2018.10.10"]
[SourceQuality "1"]

1. d4 Nf6 2. c4 e6 3. Nf3 Bb4+ 4. Bd2 a5 5. Nc3 b6 6. e3 Bb7 7. Bd3 d5 8. cxd5 exd5 9. 0-0 0-0 10. Rc1 Nbd7 11. Qe2 Re8 12. Nb5 Bxd2 13. Qxd2 Rc8 14. Na7 Ra8 15. Nc6 Bxc6 16. Rxc6 Nb8 17. Rc2 c6 18. Rfc1 Qd6 19. Qe2 Ra7 20. g3 Rc7 21. Bf5 g6 22. Bh3 Ne4 23. Bg2 Nd7 24. Nd2 f5 25. Re1 Ndf6 26. Nf3 Nd7 27. Qd3 Rcc8 28. Rec1 Rc7 29. Qa6 Rec8 30. Ne5 c5 31. Nxd7 Qxd7 32. Bxe4 fxe4 33. Qxb6 c4 34. b3 a4 35. bxc4 Rxc4 36. Rxc4 dxc4 37. Qb4 Qc6 38. Rc3 Kf7 39. Kg2 Rc7 40. Qb8 Re7 41. Qf4+ Ke8 42. Qg5 Rc7 43. Qe5+ Kf7 44. d5 Qc5 45. Qxe4 Qb4 46. Qe6+ Kf8 47. Qe5 Rd7 48. Qh8+ Ke7 49. Qxh7+ Kd6 50. Qxg6+ Kxd5 51. Qg8+ Kd6 52. Qxc4 Qb1 53. e4 1-0

[Event "Barcelona Sant Marti op-B 20th"]
[Site "Barcelona"]
[Date "2018.07.15"]
[Round "3"]
[White "Ishaan, Bansal"]
[Black "Sumelzo Lozano, Jose"]
[Result "1/2-1/2"]
[WhiteElo "1759"]
[BlackElo "1941"]
[PlyCount "95"]
[EventDate "2018.07.13"]
[EventType "swiss"]
[EventRounds "9"]
[EventCountry "ESP"]
[SourceTitle "EXT 2019"]
[Source "ChessBase"]
[SourceDate "2018.10.10"]
[SourceVersion "1"]
[SourceVersionDate "2018.10.10"]
[SourceQuality "1"]

1. d4 d5 2. Bf4 e6 3. e3 Bd6 4. Bg3 Nf6 5. Nf3 0-0 6. Nbd2 c5 7. c3 Nc6 8. Bd3 cxd4 9. exd4 Ne7 10. 0-0 Bxg3 11. hxg3 Nf5 12. Ne5 Nd6 13. Re1 Bd7 14. g4 h6 15. f4 Be8 16. Qf3 Nd7 17. Qh3 f5 18. gxf5 exf5 19. Qe3 Ne4 20. Bxe4 dxe4 21. Nxd7 Bxd7 22. Nc4 Rf6 23. Ne5 b5 24. b3 a5 25. c4 a4 26. d5 Rfa6 27. Rac1 axb3 28. axb3 Be8 29. Red1 bxc4 30. bxc4 Ra3 31. Rc3 Ra1 32. Rdc1 R8a2 33. Rxa1 Rxa1+ 34. Rc1 Ra2 35. Qh3 Qb6+ 36. Kh2 Qb2 37. Rg1 Qd4 38. Qxf5 e3 39. Qe6+ Kf8 40. d6 Qxf4+ 41. Kh3 Qg5 42. Nf3 Qh5+ 43. Kg3 Qf7 44. Qxf7+ Kxf7 45. Re1 e2 46. Kf2 Ke6 47. c5 Kd5 48. Rc1 1/2-1/2

[Event "Barcelona Primavera La Lira op 11th"]
[Site "Barcelona"]
[Date "2018.05.17"]
[Round "6"]
[White "Vallbona Domingo, Joan"]
[Black "Sumelzo Lozano, Jose"]
[Result "1/2-1/2"]
[WhiteElo "2003"]
[BlackElo "1898"]
[PlyCount "33"]
[EventDate "2018.04.12"]
[EventType "swiss"]
[EventRounds "9"]
[EventCountry "ESP"]
[SourceTitle "CBM 184 Extra"]
[Source "ChessBase"]
[SourceDate "2018.06.28"]
[SourceVersion "1"]
[SourceVersionDate "2018.06.28"]
[SourceQuality "1"]

1. c4 e6 2. Nc3 d5 3. e3 Nf6 4. Nf3 Be7 5. b3 0-0 6. Be2 c5 7. cxd5 Nxd5 8. Nxd5 exd5 9. d4 cxd4 10. exd4 Bf5 11. 0-0 Nc6 12. a3 Rc8 13. Bb2 Re8 14. Rc1 Qb6 15. b4 Bf6 16. Qd2 Bg4 17. Rfd1 1/2-1/2

[Event "Barcelona Primavera La Lira op 11th"]
[Site "Barcelona"]
[Date "2018.04.19"]
[Round "2"]
[White "Sumelzo Lozano, Jose"]
[Black "Hernandez Funes, Ruben"]
[Result "1/2-1/2"]
[WhiteElo "1898"]
[BlackElo "2195"]
[PlyCount "131"]
[EventDate "2018.04.12"]
[EventType "swiss"]
[EventRounds "9"]
[EventCountry "ESP"]
[SourceTitle "CBM 184 Extra"]
[Source "ChessBase"]
[SourceDate "2018.06.28"]
[SourceVersion "1"]
[SourceVersionDate "2018.06.28"]
[SourceQuality "1"]

1. d4 Nf6 2. c4 g6 3. Nc3 d5 4. e3 Bg7 5. Qb3 c6 6. Nf3 0-0 7. Be2 b6 8. cxd5 cxd5 9. 0-0 Bb7 10. Bd2 Nc6 11. Rac1 Ne4 12. Rfd1 e6 13. Be1 f5 14. Nd2 Nd6 15. f4 Na5 16. Qc2 Rc8 17. Qb1 Nac4 18. Bf2 Rf7 19. b3 Na5 20. Rc2 Rfc7 21. Rdc1 Bf8 22. Nb5 Rxc2 23. Rxc2 Rxc2 24. Qxc2 Ba6 25. Nc3 Bxe2 26. Nxe2 Nb5 27. Nf3 Nd6 28. Be1 Nab7 29. Ne5 Ne4 30. Qc6 Nbd6 31. Nc3 Nxc3 32. Bxc3 Qc8 33. Bb4 Qxc6 34. Nxc6 Nc8 35. Kf1 Bxb4 36. Nxb4 h6 37. Nc6 Kf7 38. Ne5+ Kf6 39. Ke2 g5 40. g3 Nd6 41. Nc6 a5 42. a4 Ne4 43. Ne5 Ke7 44. Nc6+ Kd6 45. Ne5 g4 46. Nf7+ Ke7 47. Ne5 h5 48. Ng6+ Kf6 49. Ne5 Ke7 50. Nc6+ Kd6 51. Ne5 Kc7 52. Nf7 b5 53. axb5 Nc3+ 54. Kd3 Nxb5 55. Ne5 Nd6 56. Kc2 Ne4 57. Nd3 Kc6 58. Ne5+ Kb5 59. Nf7 Kc6 60. Ng5 Kd6 61. Nxe4+ fxe4 62. b4 a4 63. Kb2 Kc6 64. Ka2 Kb6 65. Kb2 Ka6 66. Ka2 1/2-1/2

[Event "Barcelona Sant Marti op 7th"]
[Site "Barcelona"]
[Date "2018.03.01"]
[Round "8"]
[White "Cabot Muntane, Jordi"]
[Black "Sumelzo Lozano, Jose"]
[Result "1-0"]
[WhiteElo "1861"]
[BlackElo "1905"]
[PlyCount "63"]
[EventDate "2018.01.11"]
[EventType "swiss"]
[EventRounds "9"]
[EventCountry "ESP"]
[SourceTitle "EXT 2019"]
[Source "ChessBase"]
[SourceDate "2018.10.10"]
[SourceVersion "1"]
[SourceVersionDate "2018.10.10"]
[SourceQuality "1"]

1. d4 Nf6 2. Nf3 g6 3. Bf4 Bg7 4. h3 0-0 5. e3 d6 6. Be2 c5 7. c3 Nbd7 8. 0-0 b6 9. a4 a6 10. Nbd2 Bb7 11. Bh2 Ne4 12. Nxe4 Bxe4 13. Nd2 Bb7 14. Bf3 Bxf3 15. Nxf3 e5 16. dxe5 dxe5 17. Qd5 Ra7 18. Rfd1 Qe7 19. Rd2 e4 20. Bd6 Qe8 21. Ne1 Nf6 22. Qb3 Qd8 23. Bxf8 Qxd2 24. Qxb6 Rd7 25. Bxc5 Rd5 26. Bd4 Nh5 27. Qb8+ Bf8 28. g4 Rg5 29. Ng2 Qe2 30. b4 Ng7 31. Nf4 Qc4 32. Bf6 1-0

[Event "Sant Adria de Besos op 13th"]
[Site "Sant Adria de Besos"]
[Date "2017.05.14"]
[Round "4"]
[White "Ojeda Cebrian, Joaquim"]
[Black "Sumelzo Lozano, Jose"]
[Result "1/2-1/2"]
[WhiteElo "1932"]
[BlackElo "2076"]
[PlyCount "91"]
[EventDate "2017.04.23"]
[EventType "swiss"]
[EventRounds "9"]
[EventCountry "ESP"]
[SourceTitle "EXT 2018"]
[Source "ChessBase"]
[SourceDate "2017.10.13"]
[SourceVersion "1"]
[SourceVersionDate "2017.10.13"]
[SourceQuality "1"]

1. d4 d5 2. Nc3 Nf6 3. Bg5 Bg4 4. h3 Bh5 5. g4 Bg6 6. Bg2 e6 7. e4 dxe4 8. Nxe4 c6 9. c3 Nbd7 10. Qb3 Qc7 11. Nxf6+ Nxf6 12. Ne2 h6 13. Bf4 Qb6 14. Be5 Be7 15. Nf4 Qxb3 16. axb3 Bh7 17. Bxf6 Bxf6 18. Nh5 Ke7 19. 0-0 Bc2 20. b4 Bb3 21. Rfe1 Rhd8 22. f4 Bh4 23. Re3 g6 24. Ng3 Bxg3 25. Rxg3 Bd5 26. Re3 Bxg2 27. Kxg2 Rd5 28. Re5 f6 29. Rxd5 exd5 30. Re1+ Kd7 31. Kf3 Re8 32. Rxe8 Kxe8 33. b3 Kd7 34. f5 g5 35. Ke3 Kc7 36. Kd3 Kb6 37. c4 a5 38. Kc3 Ka6 39. bxa5 Kxa5 40. c5 Kb5 41. Kc2 Ka5 42. Kc3 Kb5 43. Kc2 b6 44. cxb6 Kxb6 45. Kc3 Ka5 46. Kc2 1/2-1/2

[Event "Sant Adria de Besos op 13th"]
[Site "Sant Adria de Besos"]
[Date "2017.04.23"]
[Round "1"]
[White "Sumelzo Lozano, Jose"]
[Black "Lopez Martinez, Angel"]
[Result "1-0"]
[WhiteElo "2076"]
[BlackElo "1798"]
[PlyCount "115"]
[EventDate "2017.04.23"]
[EventType "swiss"]
[EventRounds "9"]
[EventCountry "ESP"]
[SourceTitle "EXT 2018"]
[Source "ChessBase"]
[SourceDate "2017.10.13"]
[SourceVersion "1"]
[SourceVersionDate "2017.10.13"]
[SourceQuality "1"]

1. e4 c5 2. Nf3 d6 3. c3 Nf6 4. e5 Nd5 5. Bb5+ Bd7 6. Bxd7+ Nxd7 7. exd6 exd6 8. 0-0 Be7 9. d4 cxd4 10. Nxd4 N5f6 11. Nf5 0-0 12. Nxe7+ Qxe7 13. Re1 Qd8 14. Qxd6 Re8 15. Be3 Qa5 16. Na3 Re6 17. Qd2 Rae8 18. Rad1 Qh5 19. Bf4 Nc5 20. Rxe6 Nxe6 21. Bg3 Ne4 22. Qd5 Qe2 23. Qb3 Nxg3 24. hxg3 Ng5 25. Qc2 Qg4 26. Qc1 h5 27. Rd4 Ne4 28. Qd1 Qf5 29. Qf3 Qg6 30. Nc4 Ng5 31. Qd3 Qxd3 32. Rxd3 Re1+ 33. Kh2 Re2 34. Rd2 Re7 35. f3 g6 36. Kg1 Re1+ 37. Kf2 Re7 38. Rd5 f6 39. Ne3 Kf7 40. c4 Ne6 41. b4 Nc7 42. Rd6 a6 43. Nd5 Nxd5 44. Rxd5 Ke6 45. a4 b6 46. Rd4 Rc7 47. Ke3 f5 48. f4 Rc6 49. Kd3 Kf6 50. Rd5 Ke6 51. Kd4 b5 52. axb5 axb5 53. Rxb5 Ra6 54. Re5+ Kf6 55. b5 Ra2 56. b6 Rb2 57. Rb5 Rxb5 58. cxb5 1-0

[Event "Barcelona Vila de Gracia Seniors 55+ op"]
[Site "Barcelona"]
[Date "2014.04.14"]
[Round "5"]
[White "Solsona Olive, Xavier"]
[Black "Sumelzo Lozano, Jose"]
[Result "0-1"]
[WhiteElo "2012"]
[BlackElo "2052"]
[PlyCount "76"]
[EventDate "2014.03.17"]
[EventType "swiss"]
[EventRounds "8"]
[EventCountry "ESP"]
[SourceTitle "EXT 2015"]
[Source "ChessBase"]
[SourceDate "2014.11.20"]
[SourceVersion "1"]
[SourceVersionDate "2014.11.20"]
[SourceQuality "1"]

1. e4 c6 2. d4 d5 3. exd5 cxd5 4. c4 e6 5. Nf3 Nf6 6. Nc3 Be7 7. Be2 0-0 8. 0-0 dxc4 9. Bxc4 a6 10. a4 Qc7 11. Qe2 Nc6 12. Ba2 Bd7 13. d5 exd5 14. Nxd5 Nxd5 15. Bxd5 Bf6 16. Qc4 h6 17. Bf4 Qb6 18. Bd6 Na5 19. Qf4 Rfe8 20. b4 Nc6 21. Bc5 Qd8 22. Rad1 Qc8 23. Rfe1 Be6 24. Be4 Bc3 25. Bxc6 Qxc6 26. Rd6 Qc7 27. Rc1 Bb2 28. Rb1 Bf6 29. Bb6 Qb8 30. Rbd1 Be7 31. R6d4 Qxf4 32. Rxf4 Bd8 33. Bxd8 Rexd8 34. Re1 Rac8 35. Nd4 Bd5 36. Nf5 Kf8 37. Ne7 Re8 38. Ng6+ Kg8 0-1

[Event "Barcelona Vila de Gracia Seniors 55+ op"]
[Site "Barcelona"]
[Date "2014.04.07"]
[Round "4"]
[White "Sumelzo Lozano, Jose"]
[Black "Serrano Pertinez, Miquel"]
[Result "1-0"]
[WhiteElo "2052"]
[BlackElo "2246"]
[PlyCount "63"]
[EventDate "2014.03.17"]
[EventType "swiss"]
[EventRounds "8"]
[EventCountry "ESP"]
[SourceTitle "EXT 2015"]
[Source "ChessBase"]
[SourceDate "2014.11.20"]
[SourceVersion "1"]
[SourceVersionDate "2014.11.20"]
[SourceQuality "1"]

1. d4 b6 2. c4 e6 3. Nc3 Bb7 4. e4 Bb4 5. Bd3 f5 6. Qe2 Nf6 7. f3 fxe4 8. fxe4 Bxc3+ 9. bxc3 d6 10. e5 dxe5 11. dxe5 Nfd7 12. Nf3 Bxf3 13. Qxf3 Nxe5 14. Qxa8 Nxd3+ 15. Ke2 0-0 16. Be3 Ne5 17. Qe4 Nbc6 18. Rhf1 Rxf1 19. Rxf1 Qd6 20. c5 bxc5 21. Bf4 Qd5 22. Qxd5 exd5 23. Rb1 Ng6 24. Bxc7 Kf7 25. Bd6 c4 26. Bc5 Nf4+ 27. Kf3 Nd3 28. Bxa7 d4 29. Bxd4 Nxd4+ 30. cxd4 c3 31. Ke3 c2 32. Rf1+ 1-0

[Event "Barcelona Sant Marti op-B 13th"]
[Site "Barcelona"]
[Date "2011.07.15"]
[Round "3.1"]
[White "Sumelzo Lozano, Jose"]
[Black "Medina Altamirano, Karla"]
[Result "0-1"]
[WhiteElo "1877"]
[BlackElo "1977"]
[PlyCount "62"]
[EventDate "2011.07.13"]
[EventType "swiss"]
[EventRounds "9"]
[EventCountry "ESP"]
[SourceTitle "EXT 2024"]
[Source "ChessBase"]
[SourceDate "2023.10.10"]
[SourceVersion "1"]
[SourceVersionDate "2023.10.10"]
[SourceQuality "1"]

1. d4 d5 2. Nf3 Nf6 3. c4 dxc4 4. Nc3 a6 5. a4 Nc6 6. e4 Na5 7. Bg5 Bg4 8. Be2 Nb3 9. Rb1 Bxf3 10. Bxf3 Nxd4 11. e5 Nxf3+ 12. Qxf3 Nd7 13. Rd1 c6 14. 0-0 Qc7 15. Rfe1 e6 16. Ne4 Bb4 17. Nd6+ Bxd6 18. exd6 Qa5 19. Be7 Nb6 20. Qg3 Rg8 21. Qh4 h6 22. Bd8 g5 23. Qxh6 Rxd8 24. Qf6 Rxd6 25. Kf1 Rxd1 26. Rxd1 Nd5 27. Qe5 Ke7 28. g3 Qxa4 29. Rd2 Qa1+ 30. Kg2 Qa5 31. Qd4 c3 0-1